000 00330 a2200157 4500
001 176259
020 _a
040 _cMagnum
100 _aFernandes, Luiz
240 1 0 _aEu queria ter um ponei
_lpor
245 1 0 _aEu queria ter um ponei
362 0 _a1899
440 1 _aEdiouro
697 _aMAGNITO: IJ/GERAL
942 _cBK
999 _c176259
_d176259